000 00817nam a2200229Ii 4500
003 JO-AjNU
008 230605s9999||||xx |||||||||||||| ||und||
017 _a2013/10/3693
020 _a978-1-56564-615-5
040 _aJO-AjNU
_bara
_erda
_cJO-AjNU
041 _aara
050 1 4 _aBP190.5.V3.M355 2013
100 3 _aملكاوي، فتحي حسن,
_eauthor
_952411
245 0 0 _aمنظومة القيم العليا التوحيد والتزكية والعمران
250 _aط1
264 3 1 _aعمان: المعهد العالمي للفكر الاسلامي، 2013
300 _a183ص
_bيتضمن الكشاف(ص179-183)
336 _atext
_btxt
_2rdacontent
337 _aunmediated
_bn
_2rdamedia
338 _avolume
_bnc
_2rdacarrier
650 4 _aالقيم الاسلامية- التوحيد
_952412
999 _aA23215
_c26783
_d26783